[Event "SVK-chT3B2 2122"]
[Site "Slovakia"]
[Date "2022.05.22"]
[Round "11.8"]
[White "Pis, Jozef"]
[Black "Durcek, Juraj"]
[Result "1/2-1/2"]
[WhiteElo "1386"]
[BlackElo "1323"]
[PlyCount "40"]
[EventDate "2021.10.24"]
[EventType "team-tourn"]
[EventRounds "11"]
[EventCountry "SVK"]
[SourceTitle "EXT 2024"]
[Source "ChessBase"]
[SourceDate "2023.10.10"]
[SourceVersion "1"]
[SourceVersionDate "2023.10.10"]
[SourceQuality "1"]
[WhiteTeam "Bojnice"]
[BlackTeam "Chynorany"]
[WhiteTeamCountry "SVK"]
[BlackTeamCountry "SVK"]

1. d4 d5 2. c4 dxc4 3. Nf3 Bf5 4. Nc3 e6 5. Bg5 f6 6. Bd2 Bb4 7. a3 Bxc3 8. Bxc3 Ne7 9. Qa4+ Qd7 10. Qxc4 0-0 11. e3 c6 12. Rc1 Qd5 13. Qb4 Qd7 14. Bc4 Nd5 15. Qb3 Be4 16. Rg1 b5 17. Be2 Na6 18. Nd2 Bg6 19. g3 Bf7 20. Qd1 Nac7 1/2-1/2

[Event "SVK-chT3B2 1617"]
[Site "Slovakia"]
[Date "2017.03.05"]
[Round "9.8"]
[White "Adamik, Frantisek"]
[Black "Durcek, Juraj"]
[Result "1/2-1/2"]
[WhiteElo "1514"]
[BlackElo "1296"]
[PlyCount "50"]
[EventDate "2016.10.16"]
[EventType "team-tourn"]
[EventRounds "11"]
[EventCountry "SVK"]
[SourceTitle "EXT 2020"]
[Source "ChessBase"]
[SourceDate "2019.10.17"]
[SourceVersion "1"]
[SourceVersionDate "2019.10.17"]
[SourceQuality "1"]
[WhiteTeam "Lehota pod Vtacnikom"]
[BlackTeam "Chynorany"]
[WhiteTeamCountry "SVK"]
[BlackTeamCountry "SVK"]

1. e4 e5 2. f4 Nc6 3. Nf3 d6 4. Nc3 Nge7 5. Bc4 h6 6. 0-0 g6 7. d3 Bg4 8. h3 Bxf3 9. Rxf3 Nd4 10. Rf2 Rh7 11. Be3 Qd7 12. Bxd4 exd4 13. Ne2 c5 14. a3 b6 15. c3 dxc3 16. Nxc3 0-0-0 17. Qb3 Kb8 18. Bxf7 Bg7 19. Ne2 Bxb2 20. Be6 Bxa1 21. Bxd7 Rxd7 22. Nc3 Kb7 23. Rf1 Bxc3 24. Qxc3 d5 25. Rb1 Kc6 1/2-1/2

[Event "SVK-chT3B2 1617"]
[Site "Slovakia"]
[Date "2016.11.13"]
[Round "3.8"]
[White "Durcek, Juraj"]
[Black "Volanek, Maros"]
[Result "1-0"]
[WhiteElo "1296"]
[BlackElo "1065"]
[PlyCount "79"]
[EventDate "2016.10.16"]
[EventType "team-tourn"]
[EventRounds "11"]
[EventCountry "SVK"]
[SourceTitle "EXT 2018"]
[Source "ChessBase"]
[SourceDate "2017.10.13"]
[SourceVersion "1"]
[SourceVersionDate "2017.10.13"]
[SourceQuality "1"]
[WhiteTeam "Chynorany"]
[BlackTeam "Povazske Podhradie II"]
[WhiteTeamCountry "SVK"]
[BlackTeamCountry "SVK"]

1. e4 e5 2. Nf3 Nc6 3. Bc4 d6 4. 0-0 Bg4 5. Nc3 Qd7 6. h3 Bh5 7. g4 Bg6 8. d4 Nf6 9. dxe5 dxe5 10. Qxd7+ Nxd7 11. Nh4 0-0-0 12. f4 h6 13. Nxg6 fxg6 14. Be3 Bd6 15. Rad1 exf4 16. Bxf4 Bc5+ 17. Kg2 Nce5 18. Be6 Rhe8 19. Bxe5 Rxe6 20. Bxg7 h5 21. Rd5 Rd6 22. Rxd6 Bxd6 23. Nd5 Nb6 24. Nxb6+ axb6 25. e5 Be7 26. Bf6 Bxf6 27. exf6 Rf8 28. g5 Kd7 29. Re1 b5 30. Re4 Ra8 31. f7 Rf8 32. Rf4 Ke7 33. Kf3 Rxf7 34. Rxf7+ Kxf7 35. Kf4 c6 36. Ke5 Ke7 37. c3 b6 38. b4 h4 39. a3 Kd7 40. Kf6 1-0